| 000 | 00367nam a22001457a 4500 | ||
|---|---|---|---|
| 003 | macl | ||
| 005 | 20180728161214.0 | ||
| 008 | 180728b xxu||||| |||| 00| 0 eng d | ||
| 040 | _cmacl | ||
| 100 |
_aJain, K C _972828 |
||
| 245 | _aAncient Cities and Toens of Rajasthan | ||
| 260 |
_aJodhpur _bBooks TREASURE _c2015 |
||
| 650 |
_aHistory _972829 |
||
| 942 |
_2ddc _cBK |
||
| 999 |
_c58277 _d58277 |
||